Minecraft Storage Blocks - Statistics

General Stats
  • This quiz has been taken 23 times
    22 since last reset
  • The average score is 9 of 24
Answer Stats
Block % Correct
Chest
100%
Barrel
76%
Ender Chest
76%
Shulker Box
71%
Hopper
65%
Trapped Chest
59%
Dispenser
53%
Furnace
47%
Dropper
41%
Blast Furnace
35%
Copper Chest
35%
Item Frame
35%
Brewing Stand
29%
Decorated Pot
29%
Smoker
29%
Flower Pot
18%
Glow Item Frame
18%
Lectern
18%
Campfire
12%
Chiseled Bookshelf
12%
Crafter
12%
Jukebox
12%
Shelf
12%
Armor Stand
6%
No matching quizzes found
Score Distribution
Percent of People with Each Score
Percentile by Number Answered
Your Score History
You have not taken this quiz since the last reset